00408nam a2200157 a 450000100060000000300090000600800410001502000150005604000280007108200090009910000220010824500440013026000430017430000100021765000230022717728CO-ViMGA141112s2004 ck r 000 u spa d a8488342306 aCO-ViMGAbspacCO-ViMGA04aLARm1 aLarrondo, Valerie10aMamá fue pequeña antes de ser mayor aMadríd (España), cKokinos, c2001 a42.p.14aCUENTOS INFANTILES